Quran Quiz - Statistiken

Allgemein
  • Dieses Quiz wurde 5 mal gespielt
  • Das Durchschnittsergebnis liegt bei 7 aus 11
Antwortstatistiken
Frage Antwort % Korrekt
Wie viele Suren hat der Quran? 114
80%
Auf welcher Sprache ist der Quran? Arabisch
80%
Zu welchem Propheten wurde der Quran offenbart? Muhammad
80%
In wie vielen Jahren wurde der Quran offenbart? 23
60%
In wie vielen Juz ist der Quran unterteilt? 30
60%
Welche Sure ist die längste? Al Baqara
60%
Was ist die ,,Mutter des Qurans"? Al Fatiha
60%
Wie wird jemand genannt, der den Quran auswendig kann? Hafiz
60%
Welcher Engel überbrachte die Botschaft? Jibril
60%
Welche Sure ist die kürzeste? Al Kauthar
40%
Was ist der mächtigste Vers im Quran? Ayat al Kursi
40%
Keine übereinstimmenden Quizze gefunden
Verteilung der Resultate
Anzahl Personen mit jedem Resultat
Perzentil nach korrekt beantworteten Fragen
Ihre Resultats-Entwicklung
Sie haben dieses Quiz noch nicht gespielt